000
00309nam a22001337a 4500
003
OSt
008
250219b |||||||| |||| 00| 0 eng d
041
_a
eng
100
_a
Robert Cowart
_9
7182
245
_a
Mastering Windows 95
250
_a
1st
260
_a
New Delhi:
_b
BPB Publication,
_c
1995.
942
_c
BK
999
_c
19409
_d
19409